Geography Analogies - Statistics

General Stats
  • This quiz has been taken 118 times
  • The average score is 10 of 15
Answer Stats
Analogy Answer % Correct
Tacos are to Mexico as _____ is to Italy Pizza
94%
Danube is to Vienna as _____ is to Paris Seine
94%
Grizzlies are to United States as tigers are to _____ India
91%
Taiwan is to China as Western Sahara is to _______ Morocco
86%
Chichen Itza is to Mayans as _____ ______ is to Incas Machu Picchu
81%
Everest is to Himalayas as ____ _____ is to Alps Mont Blanc
80%
Forbidden City is to Beijing as Taj Mahal is to ____ Agra
78%
Honshu is to Japan as _____ ______ is to United Kingdom Great Britain
72%
Greenland is to Denmark as Aruba is to ___________ Netherlands
72%
Sicily is to Italy as Sakhalin is to ______ Russia
67%
California is to United States as _______ is to Canada Ontario
55%
Chad is to Africa as __________ is to Asia Kazakhstan
41%
Sri Lanka is to Laccadive as Cuba is to _________ Caribbean
34%
Tagalog is to Philippines as ________ is to Madagascar Malagasy
32%
Gibraltar is to Spain as ______ is to Russia Bering
20%
No matching quizzes found
Score Distribution
Percent of People with Each Score
Percentile by Number Answered
Your Score History
You have not taken this quiz